XI Roku 2022 wg. Tygodnika "Piłka Nożna" (Europa) - Statystyki

Ogólne statystyki
  • Ten quiz został rozwiązany 456 razy
  • Średni wynik to 10 z 11
Statystyki odpowiedzi
Pozycja Kraj Klub Zawodnik % Poprawnych
ŚP Chorwacja Real Madryt Luka Modric
99%
ŚN Francja Real Madryt Karim Benzema
98%
ŚN Francja PSG Kylian Mbappe
98%
ŚP Belgia Manchester City Kevin de Bruyne
97%
SO Austria Real Madryt David Alaba
96%
ŚP Anglia Dortmund Jude Bellingham
96%
LO Francja Milan Theo Hernandez
93%
ŚPO Portugalia Manchester City Bernardo Silva
92%
BR Belgia Real Madryt Thibaut Courtois
90%
PO Portugalia Manchester City Joao Cancelo
86%
ŚO Chorwacja Lipsk Josko Gvardiol
84%
Nie znaleziono quizów pasujących do podanych kryteriów
Rozkład punktacji
Procent ludzi z każdym wynikiem
Percentyl według liczby udzielonych odpowiedzi
Twoja historia wyników
Nie rozwiązałeś tego quizu